The Cambridge companion to international law / (Record no. 18922)

000 -LEADER
fixed length control field 02282cam a2200253 a 4500
020 ## - INTERNATIONAL STANDARD BOOK NUMBER
ISBN 9780521190886 (hbk.)
020 ## - INTERNATIONAL STANDARD BOOK NUMBER
ISBN 0521190886 (hbk.)
020 ## - INTERNATIONAL STANDARD BOOK NUMBER
ISBN 9780521143080 (pbk.)
020 ## - INTERNATIONAL STANDARD BOOK NUMBER
ISBN 052114308X (pbk.)
040 ## - CATALOGING SOURCE
Transcribing agency DLC
082 00 - DEWEY DECIMAL CLASSIFICATION NUMBER
Classification number 341 CAM 2012 C154 Or.
245 04 - TITLE STATEMENT
Title The Cambridge companion to international law /
260 ## - PUBLICATION, DISTRIBUTION, ETC. (IMPRINT)
Place of publication Cambridge ;
-- New York :
Name of publisher Cambridge University Press,
Year of publication 2012
300 ## - PHYSICAL DESCRIPTION
Number of Pages xi, 471 pages ;
Dimensions 24 cm
490 1# - SERIES STATEMENT
Series statement Cambridge companions to law
520 ## - SUMMARY, ETC.
Summary, etc "This intellectually rigorous introduction to international law encourages readers to engage with multiple aspects of the topic: as 'law' directing and shaping its subjects; as a technique for governing the world of states and beyond statehood; and as a framework within which several critical and constructivist projects are articulated. The articles situate international law in its historical and ideological context and examine core concepts such as sovereignty, jurisdiction and the state. Attention is also given to its operation within international institutions and in dispute settlement, and a separate section is devoted to international law's 'projects': protecting human rights, eradicating poverty, the conservation of resources, the regulation of international trade and investment and the establishment of international order. The diverse group of contributors draws from disciplinary orientations ranging from positivism to postmodernism to ensure that this book is informed theoretically and politically, as well as grounded in practice"--
520 ## - SUMMARY, ETC.
Summary, etc "From an exotic specialization on the fringes of the law school, international law has turned during the last century into a ubiquitous presence in global policy-making as well as in academic and journalistic commentary on such policy-making. With internationalization first, globalization later, questions about the legality under international treaties or customary law of this or that action were posed with increasing urgency in the media and by citizen activists as well as by governments and international institutions"--
650 #0 - SUBJECT ADDED ENTRY--TOPICAL TERM
Topical Term International law
650 #0 - SUBJECT ADDED ENTRY--TOPICAL TERM
Topical Term International law
650 #0 - SUBJECT ADDED ENTRY--TOPICAL TERM
Topical Term Globalization
700 1# - ADDED ENTRY--PERSONAL NAME
Personal name Crawford, James,
700 1# - ADDED ENTRY--PERSONAL NAME
Personal name Koskenniemi, Martti
942 ## - ADDED ENTRY ELEMENTS (KOHA)
Koha item type ADB
952 ## - LOCATION AND ITEM INFORMATION (KOHA)
Withdrawn status [LOCAL, KOHA] 0
Holdings
Koha item type Source of acquisition Lost status Permanent Location Current Location Date acquired Full call number
សៀវភៅភាសាអង់គ្លេសA39419 Library Block CLibrary Block C2020-02-11341 CAM 2012 C154 Or.
មជ្ឈមណ្ឌលឯការនៃសាកលវិទ្យាល័យភូមិន្ទកសិកម្មចំការដូង

Powered by Koha